00819nam a22002417a 450000500170000001000130001702000210003003500130005103700160006404000120008008200130009210000260010524500610013126000390019227000560023130000260028750000510031365000220036465000300038694200220041699900190043895201200045720170124110116.0 aA-938141 c00.00a033930819 aA-938141 bCen Lib/Ret aDPLbEN a658bHAN aHannagan, Tim 925495 aManagement :cby Tim Hannagan bconcepts and practices / aNew Delhi bMacmillan India c1995 bNew Delhi a2/10, ansari road, dariya ganj e110002 axiii, 656p.c23cm(Hb) aIncludes bibliographical references and index  aManagement 93072 aFundamental theory972345 2ddccENh658mHAN c130755d130755 00104070aLbLd2015-07-10eCen Lib/Retg0.00l0o658 HANpA-938141r2015-07-10 00:00:00t1v0.00w2015-07-10yEN